ČSN 42 0645 Rozbor Antimonu
| Format: | Book |
|---|---|
| Language: | Undetermined |
| PhysicalDescription: | 22 s. |
| Published: |
Praha
ÚNM
1957
|
MARC
| LEADER | 00000nam a2200000 a 4500 | ||
|---|---|---|---|
| 001 | vtls001385189 | ||
| 003 | SK-MaSNL | ||
| 005 | 20260224111904.0 | ||
| 008 | 000316s1957 xx 0 und | ||
| 035 | |a SNK000339313 | ||
| 040 | |a SNK |b slo |c SNK |e AACR2 | ||
| 245 | 1 | |a ČSN 42 0645 Rozbor Antimonu | |
| 260 | |a Praha |b ÚNM |c 1957 | ||
| 300 | |a 22 s. | ||
| 999 | |c 981219 |d 983149 | ||
| 952 | |t P60, <04>, [BOOK], {604} |a SNK |b SNK |y VYP |7 0 |p 17A0231141 |o snkČSN 42 0645 |0 0 |1 0 |4 0 |d 2000-03-16 |l 0 |r 2005-01-02 00:00:00 |w 2026-02-24 | ||


